00505nam a2200157Ia 4500003000900000008004100009040001600050080001900066100001600085245009800101260004600199300001400245650002400259650004300283700002100326IN-BaIIA211028s9999 xx 000 0 eng d cIIA Library a524.3-5bCOX-1 aCox, John P 0aPrinciples of stellar structurebvol. 1, physical principlescJohn P. Cox and Thomas R. Giuli aNew YorkbGordon and Breach Sciencec1968 axx, 568p. a Stellar structure aAstronomy and astrophysics thesaurus  aGiuli, Thomas R.